Cornwall: its mines and miners.

Bibliographic Details
Main Author: Leifchild, John R., 1815-
Format: Book
Language:English
Published: New York : A. M. Kelley, 1968.
Series:Reprints of economic classics
Subjects:

MARC

Tag First Indicator Second Indicator Subfields
LEADER 00000cam a22000001 4500
001 in00000094096
005 20150927070248.0
008 690310r19681857nyua 00000 eng
010 |a  68058855  
035 |a (OCoLC)00452313 
035 |9 AAL5951AM 
040 |a DLC  |c DLC  |d TXA  |d UtOrBLW 
049 |a TXAM  |c [431468] 
050 0 0 |a TN58.C7  |b L5 1968 
082 0 |a 622/.09423/7 
100 1 |a Leifchild, John R.,  |d 1815- 
245 1 0 |a Cornwall: its mines and miners. 
264 1 |a New York :  |b A. M. Kelley,  |c 1968. 
300 |a xii, 303 pages :  |b illustrations ;  |c 23 cm. 
336 |a text  |b txt  |2 rdacontent 
337 |a unmediated  |b n  |2 rdamedia 
338 |a volume  |b nc  |2 rdacarrier 
490 0 |a Reprints of economic classics 
500 |a Reprint of the 2d edition, 1857. 
650 0 |a Copper mines and mining  |z England  |z Cornwall. 
650 0 |a Tin mines and mining  |z England  |z Cornwall. 
651 0 |a Cornwall (England : County) 
999 |a MARS 
999 f f |s 318a1e3e-d49d-3d1a-a57f-2b8d0b8e094e  |i 614598c8-84ac-373b-9229-f3e1df73d444  |t 0 
952 f f |p ric  |a Texas A&M University  |b Rellis Campus  |c Joint Library Facility  |d Remote Storage  |t 0  |e TN58.C7 L5 1968  |h Library of Congress classification  |i unmediated -- volume  |m A14805569080 
998 f f |a TN58.C7 L5 1968  |t 0  |l Remote Storage